MARC

LEADER 00000nam0a2200000 4500
001 267168
005 20231101234048.0
020 |a RU  |b 87-14153 
035 |a (RuTPU)RU\TPU\book\290222 
090 |a 267168 
100 |a 20140723d1987 m a0rusy5003 ca 
101 0 |a rus 
102 |a RU 
105 |a y j 001zy 
200 1 |a Практический курс программирования на языке PL/1  |e учебное пособие  |f Г. Д. Фролов, В. Ю. Олюнин 
205 |a 2-е изд., стер. 
210 |a Москва  |c Наука  |d 1987 
215 |a 383 с. 
320 |a Предм. указ.: с. 382-384. 
606 1 |a Алгоритмические языки  |2 stltpush  |3 (RuTPU)RU\TPU\subj\1756  |9 30453 
610 1 |a вычислительные системы 
610 1 |a циклы 
610 1 |a интегральные микросхемы 
610 1 |a программирование 
610 1 |a учебные пособия 
610 1 |a PL/1 
610 1 |a операторы 
610 1 |a файлы 
675 |a 681.3.06(075.8)  |z rus 
700 1 |a Фролов  |b Г. Д.  |g Геннадий Дмитриевич  |4 070 
701 1 |a Олюнин  |b В. Ю.  |g Виктор Юрьевич  |4 070 
801 0 |a RU  |b RuMRKP  |c 19950417  |g psbo 
801 1 |a RU  |b 63413507  |c 20140723 
801 2 |a RU  |b 63413507  |c 20161103  |g RCR 
942 |c BK